| 000 | 00905cam a2200289 i 4500 | ||
|---|---|---|---|
| 999 |
_c200442714 _d60926 |
||
| 003 | TR-AnTOB | ||
| 005 | 20240116001139.0 | ||
| 007 | ta | ||
| 008 | 960307s1994 tu a 000 0 tur | ||
| 040 |
_aDLC _beng _erda _cDLC _dDLC _dTR-AnTOB |
||
| 041 | 0 | _atur | |
| 050 | 0 | 4 |
_aHG5706.5.A3 _bC58 1994 |
| 090 |
_aHG5706.5.A3 _bC58 1994 |
||
| 100 |
_aCivan, Mehmet _eauthor _921359 |
||
| 245 | 1 | 0 |
_aTürk sermaye piyasasındaki son gelişmeler / _cMehmet Civan. |
| 264 | 1 |
_aAnkara : _bTürkiye Bankalar Birliği, _c1994. |
|
| 300 |
_a68 pages : _btables ; _c24 cm |
||
| 336 |
_2rdacontent _atext _btxt |
||
| 337 |
_2rdamedia _aunmediated _bn |
||
| 338 |
_2rdacarrier _avolume _bnc |
||
| 490 | 0 |
_aTürkiye Bankalar Birliği ; _vYayın no. 182 |
|
| 504 | _aBIB | ||
| 650 | 0 |
_aSermaye piyasası _zTürkiye _917859 |
|
| 710 | 2 |
_aTürkiye Bankalar Birliği _934056 |
|
| 942 |
_2lcc _cBK |
||